The English verb auxiliaries

Đã lưu trong:
Bibliografiske detaljer
Hovedforfatter: W F Twaddell
Format: Bog
Sprog:Undetermined
Udgivet: Rholde Island Brown Univ 1963
Fag:
Tags: Tilføj Tag
Ingen Tags, Vær først til at tagge denne postø!
Thư viện lưu trữ: Trung tâm Học liệu Trường Đại học Cần Thơ
LEADER 00455nam a2200169Ia 4500
001 CTU_727
008 210402s9999 xx 000 0 und d
082 |a 428 
082 |b T969 
100 |a W F Twaddell 
245 4 |a The English verb auxiliaries 
245 0 |c W F Twaddell 
260 |a Rholde Island 
260 |b Brown Univ 
260 |c 1963 
650 |a english language - auxiliary verbs 
980 |a Trung tâm Học liệu Trường Đại học Cần Thơ